| 000 | 00450nam a2200157Ia 4500 | ||
|---|---|---|---|
| 008 | 151021s9999 xx 000 0 und d | ||
| 020 | _a205341764 | ||
| 050 | _aRA 776 .D66 2001 | ||
| 245 | _a_Access to health(7th ed) Rebecca J Donatelle | ||
| 260 | _aSan Francisco Benjamin Cummings 2001 | ||
| 300 | _axxiv,710p.;ill | ||
| 500 | _aIncludes index. | ||
| 500 | _aIncludes index. | ||
| 650 | _a_Health | ||
| 980 | _a^d20130506 12:32:06^oanne | ||
| 999 |
_c13026 _d13026 |
||